000 00427nam a22001217a 4500
999 _c10092
_d10092
003 OSt
008 201218b ||||| |||| 00| 0 eng d
245 _aIndian Journal of Science and Technology
250 _a2013(Feb Vol.6 No.2, Mar Vol.6 No.3, Apr Vol.6 No.4, May Vol.6 No.5, Jun Vol.6 No.6)
260 _aChennai, Tamil Nadu
_bIndian Society for Education and Environment
650 _aInformation Technology
942 _2ddc
_cBV